000 02272cam a22004694i 4500
003 PE-LiUPU
005 20250731173150.0
008 150623s r 000 0 d
020 _a156338275X
035 _a(Sirsi) i9781563382758
040 _aPE-LiUPU
_bspa
_cPE-LiUPU
_erda
049 _aPRUA
082 0 4 _a270.9
_bE46
_221
100 1 _aEllingsen, Mark,
_eautor.
245 1 0 _aReclaiming our roots :
_ban inclusive introduction to church history.
_n1 /
_cMark Ellingsen.
264 1 _aHarrisburg, Pennsylvania :
_bTrinity Press International,
_c1999.
300 _a320 páginas :
_bilustraciones, mapas ;
_c22 centímetros
336 _atext
_2rdacontent
337 _aunmediated
_2rdamedia
338 _avolume
_2rdacarrier
504 _aIncluye bibliografía.
505 0 _aThe beginnings of christianity: including the gentiles. A liberating, open "Jewish" movement?. Defending the faith: the first christian apologists. Struggles against heresy. Life in the early Church. The establishment of christianity and the development of monasticism. The nicene solution. More internal struggles in a less friendly environment. Augostine and the Augustinian synthesis. The great contemporaries of Augustine. Christological controversies, a divided christendom, and a new order. The middle ages: Tests of strength for church and state. Scholastic theology in the high middle ages. Dawn of the reformation. The beginnings of colonial christianity and its imparct on the church in Europe.
526 _aSEG42
526 _aSEG41
526 _aSEG40
526 _aSEG39
526 _aP94
526 _aP87
526 _aP86
526 _aP85
526 _aP77
526 _aP76
526 _aP35
650 0 4 _aIglesia
_xHistoria
_yEdad media.
650 0 4 _aIglesia
_xHistoria
_yPeríodo primitivo.
942 _2ddc
_cBOOK
949 _a270.9 E46 1
_wDEWEY
_c1
_i53437
_lCCODEBUL1
_mBUL
_p27.00
_r0
_sY
_tBOOK
_u2015-6-24
_xTEOLOGIA
_PP35
_0COMPRA
_o.STAFF. Colección General
994 _aC0
_bPEPRU
596 _a1
999 _a270.9 E46 1
_wDEWEY
_c35408
_i53437
_f2021-11-11
_g5
_lCCODEBUL1
_mBUL
_p27.00
_r0
_sY
_tBOOK
_u2015-6-24
_xTEOLOGIA
_PP35
_0COMPRA
_o.STAFF. Colección General
_d35408
980 _81
_gALBERTO SANCHEZ Responsable de Automatización